| 000 | 00000nam 2200000za 4500 |
| 001 | 9.571387 |
| 003 | CaOODSP |
| 005 | 20210624182711 |
| 007 | cr ||||||||||| |
| 008 | 150406s2000||||xxc|||||o f|0| 0 eng d |
| 040 | |aCaOODSP|beng |
| 043 | |an-cn--- |
| 086 | 1 |aCC173-3/1-242E-PDF |
| 110 | 2 |aCanadian Nuclear Safety Commission. |
| 245 | 10|aConsidering cost-benefit information |h[electronic resource] |
| 260 | |aOttawa - Ontario : |bCanadian Nuclear Safety Commission |cOctober 2000. |
| 300 | |a7p. |
| 490 | 1 |aRegulatory policy |vP-242 |
| 500 | |aThe catalogue number (CC173-3/1-242E) and ISBN (0-662-29450-5) for the print edition have been incorrectly copied in this electronic publication. |
| 590 | |a11-14-Supp|b2011-08-12 |
| 775 | 08|tExamen des coûts et des avantages |w(CaOODSP)9.602001 |
| 776 | 0#|tConsidering cost-benefit information |w(CaOODSP)9.615348 |
| 830 | #0|aRegulatory policy (Canadian Nuclear Safety Commission : Online)|vP-242|w(CaOODSP)9.505067 |
| 856 | 40|ahttp://publications.gc.ca|qPDF|s125 KB|uhttps://publications.gc.ca/collections/Collection/CC173-3-1-242E.pdf|yP-242 |